Регионална библиотека "Любен Каравелов" - Русе

Русия (Запис номер 50228)

MARC детайли
000 -Лидер
Контролно поле с фиксирана дължина 01685nam a2200421 c 4500
003 - Код на организацията, давaща контролен номер
Контролно поле BLK
005 - Дата и час на последна редакция
Контролно поле 20200307104002.0
008 - Елементи от данни с фиксирана дължина
fixed length control field 180408b bul|||||r ||||||| ||bul||
010 ## - Наследен системен номер
LC control number KNG00054099000
020 ## - Международен стандартен номер на книга ISBN
Международен стандартен номер на книга ISBN 954-9323-23-4
-- издат.: Анимар
040 ## - Източник на каталожния запис
Идентификатор на билиотеката - собственик на записа BLK
041 ## - Код за език
Код за езика на текст/звукозапис или на отделно заглавие Български
Код за езика КДБФ Български
080 ## - УДК
Текстов определител УДК Вътрешна политика. Вж и 329
УДК код - определител по УДК 323
УДК определител (470)
УДК - код + определител 323(470)
080 ## - УДК
Текстов определител УДК Политически подсистеми и институции. Социология на политиката
УДК код - определител по УДК 316.334.3
УДК определител (470)
УДК - код + определител 316.334.3(470)
100 1# - Редна дума - Автор
Автор Сървис, Робърт
Авторска отговорност първи автор
R(LIN) 127080
139 ## - Редно поле
Редна дума Сървис, Робърт
Авторски знак Сън - С 97
245 10 - Сведения за заглавието
Заглавие Русия
Подзаглавни данни Експеримент над един народ от 1991 до днес
Редно поле (дума) Робърт Сървис; прев. Михаил Стоянов.
257 ## - Страна на издаване
Страна на създаване/издаване Великобритания
260 ## - Област на издателските данни
-- София
Име на издателя, разпространителя и проч. Анимар
Година на издаване 2005
300 ## - Физическа характеристика
Страници 528 с.
Размери/Мащаб 21 см
380 ## - Жанр
Жанр Обществени науки
500 ## - Общи забележки
Забележка Ориг. загл. Russia : Experiment With a People / Robert Service. - Офс. изд. - Библиогр. с. 494-524.
504 ## - Забележка за наличие на библиография и др
Забележка за наличие на библиография и под. 494-524
650 #4 - Допълнително описание по предмет – тема
Основно описание – тема или топоним Русия - вътрешна политика
9 (RLIN) 260411
650 #4 - Допълнително описание по предмет – тема
Основно описание – тема или топоним Русия - история
9 (RLIN) 249464
651 #4 - Допълнително описание по предмет - топоним
Географско понятие Русия
9 (RLIN) 179465
653 ## - Ключова дума – ненормативна
Ключова дума Русия
653 ## - Ключова дума – ненормативна
Ключова дума вътрешна политика
653 ## - Ключова дума – ненормативна
Ключова дума история
653 ## - Ключова дума – ненормативна
Ключова дума обществено устройство
653 ## - Ключова дума – ненормативна
Ключова дума обществени отношения
700 1# - Други автори (авторска отговорност)
Лично име Стоянов, Михаил
Автороска отговорност (Описва отношението между автора и произведението) прев.
9 (RLIN) 368443
852 ## - Местоположение
Форматна сигнатура Цб 223916
856 4# - Електронен адрес и достъп
Електронен формат pdf - файл
Път до файла /url/
856 4# - Електронен адрес и достъп
Електронен формат pdf - файл
Път до файла /url/
942 ## - АРТИКУЛИ
Вид на библиотечния материал Книги
Скрит в OPAC Не
Koha issues (borrowed), all copies 2
944 ## - СЪЗДАВАНЕ И РЕДАКЦИЯ на ЗАПИСА
Създаване/Редакция Създаване
Дата на регистрацията/редакция 31.05.2005
Служител, извършил регистрацията/редакцията Геновева_Генчева
944 ## - СЪЗДАВАНЕ И РЕДАКЦИЯ на ЗАПИСА
Създаване/Редакция Редакция
Дата на регистрацията/редакция 08.12.2006
Служител, извършил регистрацията/редакцията
999 ## - СИСТЕМНИ КОНТРОЛНИ НОМЕРА
Koha biblionumber 50228
Koha biblioitemnumber 50228
Наличности
Код за отписване Код за изгубен артикул Източник на класификационната схема Код за повреда Коз за рестрикции Код за отдаване Артикулен № Име на библиотеката - собственик Име на библиотеката, в която се намира в момента Статус (Текущо местоположение) Дата на вписване в системата Местоположение - отдел Цена в лева Инвентарен номер Систематично азбучна сигнатура Баркод Номер на екземпляра Цена в евро Служебна бележка Служебен тип на артикула
Изтеглен Не е изгубен Universal Decimal Classification Не е повреден без рестрикции заемане за дома 78574 Регионална библиотека "Любен Каравелов" Русе Регионална библиотека "Любен Каравелов" Русе Заемна - подръчен фонд 2005-05-31 Заемна - подръчен фонд 12.99 120000694571 П 323(4)/С 97 120000694571 1 6.64 Дост: Pk Вид: Ф N: 3 Дата: 31.05.2005 Дата инв: 02.02.2018 Бележки инв: П2018 Книги
  Не е изгубен   Не е повреден без рестрикции ползва се в читалня 78575 Регионална библиотека "Любен Каравелов" Русе Регионална библиотека "Любен Каравелов" Русе Хранилище 2006-12-04 Хранилище 12.99 120000707147 Цб 223916 120000707147 2 6.64 Дост: Dp Вид: Д N: 4 Дата: 04.01.2006 Книги
Vip Innovations Ltd, Rousse, Bulgaria 2025